[Event "4NCL/Div1b/GADS vs. GUI1"]
[Site "Hinckley Island ENG"]
[Date "2008.12.07"]
[Round "4.5"]
[White "Snape, Ian"]
[Black "Shaw, John K"]
[Result "0-1"]
[WhiteElo "2219"]
[BlackElo "2469"]
[PlyCount "120"]
[EventDate "2008.12.07"]
[SourceDate "2008.10.04"]

1. c4 e5 2. g3 Nf6 3. Bg2 c6 4. d4 Bb4+ 5. Bd2 Bxd2+ 6. Qxd2 d6 7. Nc3 O-O 8.
e3 Re8 9. dxe5 dxe5 10. Qxd8 Rxd8 11. Nf3 Re8 12. O-O Bf5 13. b3 Nbd7 14. Nh4
Be6 15. Rfd1 Rad8 16. Rd2 Nc5 17. Rad1 Rxd2 18. Rxd2 a5 19. Nf3 Bf5 20. Nh4 Bc8
21. Nf3 h6 22. Rd6 Kf8 23. Rd1 Bf5 24. h3 Nfe4 25. Nxe4 Bxe4 26. Nh4 Bh7 27.
Nf3 f6 28. h4 Ke7 29. h5 Rd8 30. Rxd8 Kxd8 31. Nd2 Bc2 32. Bf1 Ne4 33. Nxe4
Bxe4 34. Be2 c5 35. Bd1 a4 36. bxa4 Bd3 37. Bb3 Be2 38. a5 Kc7 39. f4 exf4 40.
exf4 Kb8 41. Kf2 Bxh5 42. Ba4 Ka7 43. Bb5 g5 44. fxg5 fxg5 45. Ke3 Bg6 46. Kf3
h5 47. a3 Bf5 48. Ke3 Bc8 49. Ke4 h4 50. gxh4 gxh4 51. Kf4 Kb8 52. Be8 h3 53.
Kg3 Kc7 54. Bh5 Kd6 55. Kf4 Bd7 56. Kg3 Ke5 57. Bf7 Kd4 58. Kf4 h2 59. Bd5 Bc6
60. a6 h1=Q 0-1

[Event "4NCL/Div1b/GADS vs. GUI1"]
[Site "Hinckley Island ENG"]
[Date "2008.12.07"]
[Round "4.6"]
[White "Flear, Glenn C"]
[Black "Wheeler, Darren P"]
[Result "1-0"]
[WhiteElo "2473"]
[BlackElo "2234"]
[PlyCount "61"]
[EventDate "2008.12.07"]
[SourceDate "2008.10.04"]

1. d4 e6 2. c4 Nf6 3. Nc3 Bb4 4. Qc2 c5 5. dxc5 Na6 6. a3 Qa5 7. Bd2 Nxc5 8.
Rc1 Bxc3 9. Bxc3 Qa4 10. b4 Qxc2 11. Rxc2 Na4 12. Bd4 d6 13. f4 Bd7 14. e3 Ke7
15. Bd3 Bc6 16. Nf3 Ne8 17. O-O f6 18. e4 e5 19. Be3 b6 20. c5 bxc5 21. bxc5
exf4 22. cxd6+ Nxd6 23. Bxf4 Rac8 24. Rfc1 Bd7 25. e5 fxe5 26. Nxe5 Nb6 27. Rc7
Rxc7 28. Rxc7 a5 29. Be3 Ndc8 30. Nxd7 Nxd7 31. Bf5 1-0

[Event "4NCL/Div1b/GADS vs. GUI1"]
[Site "Hinckley Island ENG"]
[Date "2008.12.07"]
[Round "4.7"]
[White "Cafferty, Bernard"]
[Black "Tissir, Mohamed"]
[Result "1/2-1/2"]
[WhiteElo "2179"]
[BlackElo "2463"]
[PlyCount "68"]
[EventDate "2008.12.07"]
[SourceDate "2008.10.04"]

1. e3 e5 2. c4 Nf6 3. Nc3 d5 4. cxd5 Nxd5 5. Nf3 Nc6 6. Bb5 Nxc3 7. bxc3 Bd6 8.
e4 O-O 9. O-O f5 10. d3 h6 11. Nd2 Qh4 12. Ba3 Ne7 13. Bxd6 cxd6 14. Nc4 Rf6
15. Qb3 Kh8 16. Qa3 fxe4 17. Nxd6 exd3 18. Bxd3 Be6 19. Ne4 Rf7 20. Qd6 Bf5 21.
Qxe5 Ng6 22. Qg3 Rd8 23. Nd6 Rxd6 24. Bxf5 Rxf5 25. Qxd6 Nf4 26. Rae1 Qg4 27.
Qb8+ Kh7 28. Qxb7 Rd5 29. g3 Nh3+ 30. Kg2 Nf4+ 31. Kg1 Qf3 32. gxf4 Qg4+ 33.
Kh1 Qf3+ 34. Kg1 Qg4+ 1/2-1/2

[Event "4NCL/Div1b/GADS vs. GUI1"]
[Site "Hinckley Island ENG"]
[Date "2008.12.07"]
[Round "4.8"]
[White "Lalic, Susan"]
[Black "Bellin, Jana"]
[Result "1/2-1/2"]
[WhiteElo "2341"]
[BlackElo "2183"]
[PlyCount "51"]
[EventDate "2008.12.07"]
[SourceDate "2008.10.04"]

1. e4 c5 2. Nc3 Nc6 3. g3 g6 4. Bg2 Bg7 5. d3 d6 6. Be3 e5 7. Qd2 Nd4 8. Nd5
Nf6 9. Nxf6+ Bxf6 10. c3 Nc6 11. Ne2 Be6 12. O-O Bg7 13. f4 Qd7 14. Rf2 O-O 15.
d4 cxd4 16. cxd4 Bg4 17. d5 Ne7 18. fxe5 dxe5 19. Nc3 b6 20. Bh6 Nc8 21. Raf1
f6 22. Bxg7 Kxg7 23. Qe3 Nd6 24. b3 Rac8 25. Na4 Qc7 26. Nb2 1/2-1/2

[Event "4NCL/Div1b/PAP vs. NWE1"]
[Site "Hinckley Island ENG"]
[Date "2008.12.07"]
[Round "4.1"]
[White "Emms, John M"]
[Black "Morrison, Graham"]
[Result "1/2-1/2"]
[WhiteElo "2489"]
[BlackElo "2328"]
[PlyCount "50"]
[EventDate "2008.12.07"]
[SourceDate "2008.10.04"]

1. e4 c5 2. c3 d5 3. exd5 Qxd5 4. d4 e6 5. Nf3 Nf6 6. Na3 Qd8 7. Nc4 Nc6 8.
Nce5 cxd4 9. Bb5 Qd5 10. c4 Qe4+ 11. Kf1 Bd7 12. Nxf7 Rg8 13. N7g5 Qf5 14. Bxc6
Bxc6 15. Nxd4 O-O-O 16. Be3 Rxd4 17. Qxd4 Be7 18. h3 h6 19. Nf3 Bxf3 20. gxf3
Qxf3 21. Rg1 Qxh3+ 22. Ke2 Qh5+ 23. Kf1 Qh3+ 24. Ke2 Qh5+ 25. Kf1 Qh3+ 1/2-1/2

[Event "4NCL/Div1b/PAP vs. NWE1"]
[Site "Hinckley Island ENG"]
[Date "2008.12.07"]
[Round "4.2"]
[White "Coates, Kenneth G"]
[Black "Summerscale, Aaron"]
[Result "0-1"]
[WhiteElo "2241"]
[BlackElo "2467"]
[PlyCount "112"]
[EventDate "2008.12.07"]
[SourceDate "2008.10.04"]

1. e4 e6 2. d4 d5 3. exd5 exd5 4. Bd3 c5 5. c3 cxd4 6. cxd4 Nc6 7. Nf3 Bd6 8.
O-O Nge7 9. Bg5 O-O 10. h3 h6 11. Bxe7 Qxe7 12. Nc3 Be6 13. Qd2 Qf6 14. Rad1
Rad8 15. Bb1 Rfe8 16. Rfe1 Re7 17. Ne5 Nxe5 18. dxe5 Bxe5 19. Qd3 g6 20. Ne4
Qg7 21. Qa3 Ree8 22. Nc5 Bxb2 23. Qxa7 Bd4 24. Nxe6 Bxa7 25. Nxg7 Kxg7 26. Bd3
Bc5 27. Bb5 Re6 28. Kf1 Kf6 29. Rd3 Rxe1+ 30. Kxe1 Ke5 31. Ke2 Rd6 32. g3 Re6
33. Rd2 Kd6+ 34. Kd1 Re4 35. Re2 Rd4+ 36. Kc2 g5 37. Be8 f6 38. f3 Rc4+ 39. Kb3
Rc1 40. Bf7 Bd4 41. Rd2 Rc3+ 42. Kb4 Rc7 43. Rxd4 Rxf7 44. Kc3 Rc7+ 45. Kd2 Rc4
46. Rd3 b5 47. Rb3 Kc5 48. Re3 Ra4 49. Rc3+ Kd6 50. a3 f5 51. g4 f4 52. Rb3 Kc5
53. Rc3+ Rc4 54. Rb3 d4 55. Rd3 Ra4 56. Rb3 Ra6 0-1

[Event "4NCL/Div1b/PAP vs. NWE1"]
[Site "Hinckley Island ENG"]
[Date "2008.12.07"]
[Round "4.3"]
[White "Hunt, Harriet"]
[Black "Hulmes, David I"]
[Result "1/2-1/2"]
[WhiteElo "2462"]
[BlackElo "2203"]
[PlyCount "91"]
[EventDate "2008.12.07"]
[SourceDate "2008.10.04"]

1. e4 e5 2. Nf3 Nc6 3. Bb5 f5 4. Nc3 fxe4 5. Nxe4 d5 6. Nxe5 dxe4 7. Nxc6 Qg5
8. Qe2 Nf6 9. f4 Qxf4 10. Ne5+ c6 11. d4 Qh4+ 12. g3 Qh3 13. Bc4 Be6 14. Bg5
O-O-O 15. O-O-O Bd6 16. Qf1 Rhe8 17. Bxf6 Qh6+ 18. Kb1 Qxf6 19. Qxf6 gxf6 20.
Bxe6+ Rxe6 21. Nf7 Rd7 22. Nh6 Bc7 23. Nf5 Rd5 24. Ne3 Rh5 25. Rdf1 Kd7 26. c3
b5 27. Kc2 c5 28. Rf5 Rxf5 29. Nxf5 Bb6 30. Rd1 cxd4 31. Nxd4 Bxd4 32. Rxd4+
Kc6 33. Kd2 f5 34. Ke3 h5 35. Rd2 Rd6 36. Rf2 Rd5 37. Rf4 a5 38. Ke2 Kc5 39.
Rh4 b4 40. cxb4+ axb4 41. Rxh5 Kd4 42. Rh8 Ra5 43. Rd8+ Kc5 44. Rc8+ Kd4 45.
Rb8 Kc4 46. Rc8+ 1/2-1/2

[Event "4NCL/Div1b/PAP vs. NWE1"]
[Site "Hinckley Island ENG"]
[Date "2008.12.07"]
[Round "4.4"]
[White "Redmond, John"]
[Black "Ward, Chris G"]
[Result "0-1"]
[WhiteElo "2199"]
[BlackElo "2431"]
[PlyCount "90"]
[EventDate "2008.12.07"]
[SourceDate "2008.10.04"]

1. c4 b6 2. Nc3 Bb7 3. e4 e6 4. Nge2 f5 5. exf5 exf5 6. d4 Nf6 7. Nf4 Bb4 8.
Be2 O-O 9. O-O Bxc3 10. bxc3 Nc6 11. Qc2 Ne7 12. Ba3 Rf7 13. Rae1 Ng6 14. Nh3
Ne4 15. Bd3 Ng5 16. Nxg5 Qxg5 17. f3 h6 18. Kh1 Qf6 19. c5 Nf4 20. Bc4 Bd5 21.
Bxd5 Nxd5 22. c4 Nf4 23. d5 Qd4 24. Bc1 Qd3 25. Qa4 Ng6 26. c6 d6 27. Qb3 Ne5
28. Rd1 Qxb3 29. axb3 Re7 30. Kg1 a5 31. Rfe1 Rae8 32. Kf1 a4 33. bxa4 Nxc4 34.
Rxe7 Rxe7 35. Re1 Ne5 36. f4 Ng6 37. Be3 Re4 38. Kf2 Ne7 39. Rd1 Rxa4 40. g3
Ra2+ 41. Kf3 Ra5 42. Rd3 Rxd5 43. Ra3 Ra5 44. Rb3 Kf7 45. h3 Ra2 0-1

[Event "4NCL/Div1b/PAP vs. NWE1"]
[Site "Hinckley Island ENG"]
[Date "2008.12.07"]
[Round "4.5"]
[White "Sahl, Sheila"]
[Black "Charleshouse, Glenn L"]
[Result "1-0"]
[WhiteElo "2219"]
[BlackElo "2194"]
[PlyCount "79"]
[EventDate "2008.12.07"]
[SourceDate "2008.10.04"]

1. e4 c5 2. Nf3 e6 3. d4 cxd4 4. Nxd4 Nf6 5. Bd3 Nc6 6. Nxc6 bxc6 7. O-O d5 8.
exd5 cxd5 9. b3 Be7 10. Bb2 O-O 11. Nd2 a5 12. Qe2 a4 13. a3 axb3 14. cxb3 Qb6
15. b4 Bd7 16. Nb3 Rfe8 17. Bd4 Qb8 18. Rfc1 Bd6 19. Bxf6 gxf6 20. Qh5 f5 21.
Nc5 Bc8 22. Re1 Bxc5 23. bxc5 Ba6 24. Qg5+ Kf8 25. Qh6+ Kg8 26. Rab1 Qc7 27.
Bxa6 Rxa6 28. Re3 f4 29. Rb4 f5 30. Rxf4 Qf7 31. h3 Kh8 32. Rb4 Ra7 33. Qf4 Qe7
34. Qd4+ Qg7 35. Rxe6 Rd8 36. Rd6 Rg8 37. Qxg7+ Raxg7 38. g3 Ra7 39. a4 Rga8
40. Rxd5 1-0

[Event "4NCL/Div1b/PAP vs. NWE1"]
[Site "Hinckley Island ENG"]
[Date "2008.12.07"]
[Round "4.6"]
[White "Jaunooby, Ali"]
[Black "Kilpatrick, Callum"]
[Result "1-0"]
[WhiteElo "2145"]
[BlackElo "2184"]
[PlyCount "81"]
[EventDate "2008.12.07"]
[SourceDate "2008.10.04"]

1. d4 Nf6 2. c4 g6 3. g3 Bg7 4. Bg2 O-O 5. Nc3 d6 6. e3 e5 7. Nge2 Qe7 8. O-O
Re8 9. h3 Nbd7 10. b3 c6 11. a4 h5 12. d5 c5 13. e4 Nh7 14. Be3 f5 15. Qd3 Ndf6
16. f3 Bd7 17. a5 Rf8 18. Rfb1 fxe4 19. fxe4 Ne8 20. Qd2 Bf6 21. b4 cxb4 22.
Rxb4 Bc8 23. Nb5 Bg5 24. Kh2 h4 25. g4 Bf4+ 26. Kh1 Qg5 27. Rb3 Rf7 28. Bxf4
exf4 29. Ned4 Qf6 30. Rc1 a6 31. Nc3 g5 32. Na4 Qe5 33. Nf3 Qe7 34. c5 dxc5 35.
e5 c4 36. Rxc4 Qd8 37. Nb6 Rb8 38. Qc2 Bd7 39. e6 Re7 40. exd7 Nd6 41. Qg6+ 1-0

[Event "4NCL/Div1b/PAP vs. NWE1"]
[Site "Hinckley Island ENG"]
[Date "2008.12.07"]
[Round "4.7"]
[White "Auckland, Elliott"]
[Black "Mulligan, Stephen"]
[Result "1/2-1/2"]
[WhiteElo "2017"]
[BlackElo "2113"]
[PlyCount "64"]
[EventDate "2008.12.07"]
[SourceDate "2008.10.04"]

1. d4 Nf6 2. c4 e6 3. Nf3 d5 4. Nc3 Nbd7 5. Bf4 c6 6. e3 Nh5 7. Bg5 Be7 8. Bxe7
Qxe7 9. Be2 Nhf6 10. O-O O-O 11. Nd2 dxc4 12. Nxc4 Nd5 13. Ne4 N5f6 14. Ned6
Rd8 15. Qb3 Nf8 16. Nxc8 Raxc8 17. Rac1 Nd5 18. Na5 Nb6 19. Bf3 Rc7 20. Rfd1
Ng6 21. Nc4 Nxc4 22. Qxc4 Rcd7 23. b4 Qg5 24. Qc5 e5 25. dxe5 Nh4 26. Rxd7
Nxf3+ 27. Kh1 Rxd7 28. gxf3 Qf5 29. Kg2 Qg6+ 30. Kf1 Qd3+ 31. Kg2 Qg6+ 32. Kf1
Qd3+ 1/2-1/2

[Event "4NCL/Div1b/PAP vs. NWE1"]
[Site "Hinckley Island ENG"]
[Date "2008.12.07"]
[Round "4.8"]
[White "Morrison, Lynne"]
[Black "Summerscale, Claire E"]
[Result "1/2-1/2"]
[WhiteElo "1926"]
[BlackElo "2007"]
[PlyCount "28"]
[EventDate "2008.12.07"]
[SourceDate "2008.10.04"]

1. d4 f5 2. Nf3 g6 3. c4 Bg7 4. Nc3 Nh6 5. g3 Nf7 6. Bg2 d6 7. e3 c6 8. b4 Nd7
9. Bb2 e5 10. dxe5 Ndxe5 11. Qe2 Be6 12. Nd2 Qb6 13. a3 Rg8 14. Rb1 Qc7 1/2-1/2

[Event "4NCL/Div1b/BAR2 vs. BRI1"]
[Site "Hinckley Island ENG"]
[Date "2008.12.07"]
[Round "4.1"]
[White "Rogers, Jonathan W"]
[Black "Cobb, Charles"]
[Result "1/2-1/2"]
[WhiteElo "2347"]
[BlackElo "2407"]
[PlyCount "31"]
[EventDate "2008.12.07"]
[SourceDate "2008.10.04"]

1. d4 e6 2. Nf3 Nf6 3. c4 d5 4. g3 c6 5. Bg2 b6 6. O-O Be7 7. Nbd2 O-O 8. Qc2
Bb7 9. e4 Na6 10. a3 Rc8 11. e5 Nd7 12. b4 c5 13. dxc5 bxc5 14. b5 Nc7 15. a4
a6 16. Rd1 1/2-1/2

[Event "4NCL/Div1b/BAR2 vs. BRI1"]
[Site "Hinckley Island ENG"]
[Date "2008.12.07"]
[Round "4.2"]
[White "Rudd, Jack"]
[Black "Pritchett, Craig W"]
[Result "1-0"]
[WhiteElo "2344"]
[BlackElo "2308"]
[PlyCount "81"]
[EventDate "2008.12.07"]
[SourceDate "2008.10.04"]

1. d4 Nf6 2. c4 e6 3. Nc3 Bb4 4. f3 d5 5. a3 Bxc3+ 6. bxc3 c5 7. e3 O-O 8. Bd3
Nc6 9. Ne2 dxc4 10. Bxc4 e5 11. Bb2 Qc7 12. Rc1 Na5 13. Ba2 Rd8 14. e4 c4 15.
O-O Bd7 16. Rb1 Rac8 17. Qc2 Re8 18. Bc1 h6 19. Be3 b6 20. Rbd1 Rcd8 21. Ng3
Qd6 22. dxe5 Qxe5 23. f4 Qb5 24. e5 Nh7 25. Bb1 Nf8 26. Bd4 Qb3 27. Qf2 Bg4 28.
Rde1 Bc8 29. f5 Nc6 30. Nh5 Nxd4 31. cxd4 Qc3 32. Re4 Nh7 33. Rg4 Kh8 34. e6
Ng5 35. h4 Nxe6 36. fxe6 Bxe6 37. Rxg7 Qxd4 38. Rh7+ Kg8 39. Nf6+ Kf8 40. Rh8+
Ke7 41. Rxe8+ 1-0

[Event "4NCL/Div1b/BAR2 vs. BRI1"]
[Site "Hinckley Island ENG"]
[Date "2008.12.07"]
[Round "4.3"]
[White "Dorrington, Christopher"]
[Black "Beaumont, Chris"]
[Result "1/2-1/2"]
[WhiteElo "2259"]
[BlackElo "2317"]
[PlyCount "100"]
[EventDate "2008.12.07"]
[SourceDate "2008.10.04"]

1. e4 g6 2. d4 Bg7 3. Nc3 d6 4. Nf3 a6 5. a4 Nf6 6. Be2 O-O 7. O-O Nc6 8. d5
Nb8 9. Bg5 c6 10. Nd2 b6 11. f4 cxd5 12. exd5 Bb7 13. Nb3 Nbd7 14. Kh1 Rc8 15.
Bf3 h6 16. Bh4 Rc4 17. Qd2 Nc5 18. Rfe1 Re8 19. Bf2 Qd7 20. Nd4 Nxa4 21. Nxa4
Rxa4 22. Rxa4 Qxa4 23. Nc6 e6 24. b3 Qb5 25. Nd4 Qd7 26. dxe6 fxe6 27. Bxb7
Qxb7 28. Rxe6 Rxe6 29. Nxe6 Ne4 30. Qe3 Nxf2+ 31. Qxf2 Qd5 32. Nxg7 Qd1+ 33.
Qg1 Qxg1+ 34. Kxg1 Kxg7 35. g4 a5 36. Kf2 b5 37. Ke3 Kf6 38. Kd4 a4 39. bxa4
bxa4 40. Kc4 Ke6 41. Kb4 Kd5 42. Kxa4 Ke4 43. f5 gxf5 44. gxf5 Kxf5 45. Kb5 d5
46. Kc5 Ke5 47. c3 h5 48. h4 Ke6 49. c4 dxc4 50. Kxc4 Kf5 1/2-1/2

[Event "4NCL/Div1b/BAR2 vs. BRI1"]
[Site "Hinckley Island ENG"]
[Date "2008.12.07"]
[Round "4.5"]
[White "Piper, Matthew S"]
[Black "Curtis, John"]
[Result "1/2-1/2"]
[WhiteElo "2290"]
[BlackElo "2122"]
[PlyCount "146"]
[EventDate "2008.12.07"]
[SourceDate "2008.10.04"]

1. e4 d6 2. Nc3 c6 3. g3 e5 4. Bg2 Nf6 5. Nge2 b5 6. a3 Be7 7. O-O O-O 8. d4 a6
9. h3 Nbd7 10. g4 Ne8 11. Be3 Bg5 12. Qd2 Bxe3 13. Qxe3 Rb8 14. Ng3 Nb6 15. b3
g6 16. f4 exf4 17. Qxf4 Ng7 18. Qh6 Ne6 19. d5 cxd5 20. exd5 Nc5 21. b4 Ncd7
22. Nge4 f5 23. gxf5 gxf5 24. Qe6+ Kh8 25. Nxd6 Qf6 26. Qxf6+ Nxf6 27. Nxf5 Bb7
28. Ne7 Nc4 29. Nc6 Bxc6 30. dxc6 Ne3 31. Rf3 Nxg2 32. Kxg2 Rbc8 33. Kh1 Rxc6
34. Raf1 Rfc8 35. Nxb5 axb5 36. Rxf6 Rxc2 37. Rf8+ Rxf8 38. Rxf8+ Kg7 39. Rf5
Rc3 40. Kh2 Rxa3 41. Rxb5 Rb3 42. Rb6 h5 43. b5 Kh7 44. Rb8 Kg6 45. h4 Kf6 46.
b6 Ke7 47. b7 Kd7 48. Kg2 Kc7 49. Rh8 Kxb7 50. Rxh5 Rb2+ 51. Kf3 Rb3+ 52. Kf4
Rb4+ 53. Kf5 Rb5+ 54. Kg6 Rb6+ 55. Kf7 Rb4 56. Rh7 Ka6 57. Rh8 Ka7 58. h5 Rb7+
59. Ke6 Rb5 60. Kd6 Rg5 61. Kc6 Rf5 62. Rh7+ Ka8 63. h6 Rf6+ 64. Kc7 Rg6 65.
Rh8+ Ka7 66. Kd7 Rb6 67. Ke7 Rb7+ 68. Kd6 Rb6+ 69. Kc5 Rg6 70. Kd4 Rb6 71. Rh7+
Ka8 72. Rh8+ Ka7 73. h7 Rh6 1/2-1/2

[Event "4NCL/Div1b/BAR2 vs. BRI1"]
[Site "Hinckley Island ENG"]
[Date "2008.12.07"]
[Round "4.6"]
[White "Pickering, Andrew"]
[Black "Ynojosa, Felix J"]
[Result "0-1"]
[WhiteElo "2160"]
[BlackElo "2145"]
[PlyCount "50"]
[EventDate "2008.12.07"]
[SourceDate "2008.10.04"]

1. e4 c5 2. Nf3 Nc6 3. d4 cxd4 4. Nxd4 e5 5. Nb5 d6 6. c4 Be7 7. Be2 a6 8. N5c3
f5 9. exf5 Bxf5 10. Be3 Nf6 11. O-O O-O 12. a3 Qe8 13. Nd5 Nxd5 14. Qxd5+ Kh8
15. Nc3 Qg6 16. Rad1 e4 17. f4 exf3 18. Bxf3 Be6 19. Qe4 Qxe4 20. Nxe4 Bxc4 21.
Rfe1 Ne5 22. Nxd6 Bb3 23. Bxb7 Rad8 24. Bg5 Bxg5 25. Rxe5 Bxd1 0-1

[Event "4NCL/Div1b/BAR2 vs. BRI1"]
[Site "Hinckley Island ENG"]
[Date "2008.12.07"]
[Round "4.7"]
[White "Franklin, Samuel"]
[Black "Dilleigh, Stephen P"]
[Result "1/2-1/2"]
[WhiteElo "2156"]
[BlackElo "2147"]
[PlyCount "99"]
[EventDate "2008.12.07"]
[SourceDate "2008.10.04"]

1. e4 e6 2. d4 d5 3. Nc3 Nf6 4. Bg5 dxe4 5. Nxe4 Be7 6. Bxf6 Bxf6 7. Nf3 O-O 8.
Qd2 Nd7 9. O-O-O Be7 10. Bd3 b6 11. h4 Bb7 12. Neg5 h6 13. Bh7+ Kh8 14. Be4
Bxe4 15. Nxe4 Nf6 16. Nxf6 Bxf6 17. g4 Qd5 18. Qf4 Be7 19. Kb1 Bd6 20. Qe3 Rad8
21. Rhg1 c5 22. g5 h5 23. dxc5 Qxc5 24. Qxc5 Bxc5 25. Ne5 Kg8 26. Nd7 Rfe8 27.
Nxc5 bxc5 28. c3 Kf8 29. Kc2 Ke7 30. f4 g6 31. b3 Rd7 32. Rxd7+ Kxd7 33. Rd1+
Kc7 34. Rd3 c4 35. Rd4 cxb3+ 36. axb3 Kc6 37. b4 Rb8 38. Kd3 Kc7 39. Kc4 a6 40.
Rd2 Rb5 41. Rd4 Rf5 42. Kd3 a5 43. Kc2 axb4 44. cxb4 Kb6 45. Kd3 Kb5 46. Ke4
Kb6 47. Rd7 Kb5 48. Rd4 Kb6 49. Rd7 Kb5 50. Rd4 1/2-1/2

[Event "4NCL/Div1b/BET vs. BRI1"]
[Site "Hinckley Island ENG"]
[Date "2009.03.21"]
[Round "7.1"]
[White "Hunt, Adam C"]
[Black "Cobb, Charles"]
[Result "0-1"]
[WhiteElo "2431"]
[BlackElo "2397"]
[PlyCount "84"]
[EventDate "2009.03.21"]
[EventType "team"]
[EventRounds "11"]
[EventCountry "ENG"]
[SourceDate "2008.10.04"]

1. e4 e6 2. d4 d5 3. Nc3 Nf6 4. Bg5 Bb4 5. e5 h6 6. Bd2 Bxc3 7. bxc3 Ne4 8. Qg4
Kf8 9. Bd3 Nxd2 10. Kxd2 c5 11. h4 Nc6 12. Rh3 c4 13. Bf1 b5 14. Ne2 a5 15. a3
Bd7 16. Nf4 Ne7 17. Nh5 Nf5 18. Qf4 b4 19. axb4 axb4 20. Rxa8 Qxa8 21. g4 b3
22. gxf5 Qa2 23. fxe6 Bxe6 24. Nxg7 Qxc2+ 25. Ke1 Bxh3 26. Bxh3 Qxc3+ 27. Ke2
Qxh3 28. Qf6 b2 29. Ne6+ Qxe6 30. Qxh8+ Ke7 31. Qb8 Qg4+ 32. Kf1 Qd1+ 33. Kg2
b1=Q 34. Qd6+ Ke8 35. Qc6+ Kd8 36. Qd6+ Kc8 37. Qf8+ Kb7 38. Qxf7+ Ka6 39. Qe6+
Ka5 40. Qxd5+ Kb4 41. Qc5+ Kb3 42. Qb5+ Kc3 0-1

[Event "4NCL/Div1b/BET vs. BRI1"]
[Site "Hinckley Island ENG"]
[Date "2009.03.21"]
[Round "7.2"]
[White "Rudd, Jack"]
[Black "Ledger, Andrew J"]
[Result "0-1"]
[WhiteElo "2334"]
[BlackElo "2431"]
[PlyCount "144"]
[EventDate "2009.03.21"]
[EventType "team"]
[EventRounds "11"]
[EventCountry "ENG"]
[SourceDate "2008.10.04"]

1. e4 e5 2. Nf3 d6 3. d4 exd4 4. Nxd4 Nf6 5. Nc3 Be7 6. Bf4 O-O 7. Qd2 c6 8.
O-O-O b5 9. Bd3 b4 10. Nce2 c5 11. Nb5 Nc6 12. Bc4 Na5 13. Nxd6 Bxd6 14. Qxd6
Qxd6 15. Bxd6 Nxc4 16. Bxf8 Kxf8 17. Ng3 Be6 18. b3 Nb6 19. f4 g6 20. Rd6 Ke7
21. Rhd1 Rc8 22. f5 gxf5 23. Nxf5+ Bxf5 24. exf5 h5 25. R6d3 c4 26. Re1+ Kf8
27. Rd6 Nbd7 28. h3 cxb3 29. axb3 Rc3 30. g4 hxg4 31. hxg4 Rg3 32. Ra6 Rxg4 33.
Rxa7 Rd4 34. Ra8+ Kg7 35. Rg1+ Kh7 36. Kb2 Ne5 37. Ra6 Nfg4 38. Rh1+ Kg7 39.
Rh5 Nf3 40. Rb6 Rf4 41. Rb5 Ne3 42. f6+ Kxf6 43. Rb6+ Kg7 44. Rhb5 Nxc2 45.
Kxc2 Nd4+ 46. Kd3 Nxb5 47. Rxb5 Kg6 48. Rb8 Kf5 49. Ke3 Rh4 50. Rb5+ Kg6 51.
Kd3 f5 52. Rb8 Rg4 53. Rf8 Kg5 54. Rg8+ Kf4 55. Rf8 Rh4 56. Kc4 Ke3+ 57. Kb5 f4
58. Kxb4 f3+ 59. Kc5 Rf4 60. Rh8 f2 61. Rh1 f1=Q 62. Rxf1 Rxf1 63. b4 Ke4 64.
b5 Ke5 65. Kc6 Rc1+ 66. Kd7 Rb1 67. Kc6 Ke6 68. b6 Rc1+ 69. Kb7 Kd7 70. Kb8 Kc6
71. b7 Rb1 72. Ka8 Kc7 0-1

[Event "4NCL/Div1b/BET vs. BRI1"]
[Site "Hinckley Island ENG"]
[Date "2009.03.21"]
[Round "7.3"]
[White "Ansell, Simon"]
[Black "Buckley, David E"]
[Result "1-0"]
[WhiteElo "2405"]
[BlackElo "2245"]
[PlyCount "45"]
[EventDate "2009.03.21"]
[EventType "team"]
[EventRounds "11"]
[EventCountry "ENG"]
[SourceDate "2008.10.04"]

1. e4 c5 2. Nf3 Nc6 3. Bb5 d6 4. O-O Bd7 5. Re1 a6 6. Bf1 Bg4 7. h3 Bh5 8. c3
d5 9. exd5 Qxd5 10. g4 Bg6 11. d4 cxd4 12. cxd4 Bxb1 13. Rxb1 e6 14. Bg2 Bb4
15. Ne5 Qb5 16. Bd2 Nge7 17. Bxb4 Nxb4 18. a4 Qb6 19. Qf3 O-O 20. Nd7 Qxd4 21.
Rbd1 Qxb2 22. Nxf8 Rxf8 23. Rb1 1-0

[Event "4NCL/Div1b/BET vs. BRI1"]
[Site "Hinckley Island ENG"]
[Date "2009.03.21"]
[Round "7.4"]
[White "Sherwin, James T"]
[Black "Webb, Laurence E"]
[Result "1/2-1/2"]
[WhiteElo "2232"]
[BlackElo "2348"]
[PlyCount "56"]
[EventDate "2009.03.21"]
[EventType "team"]
[EventRounds "11"]
[EventCountry "ENG"]
[SourceDate "2008.10.04"]

1. Nf3 Nf6 2. d4 e6 3. c4 Bb4+ 4. Nbd2 c5 5. a3 Bxd2+ 6. Bxd2 cxd4 7. Nxd4 d5
8. cxd5 Qxd5 9. Rc1 O-O 10. e3 Bd7 11. Be2 e5 12. Bf3 e4 13. Be2 Nc6 14. Nxc6
Bxc6 15. Bc3 Qg5 16. O-O Rfd8 17. Bd4 Rd5 18. Qc2 h5 19. b4 h4 20. h3 Qg6 21.
Kh1 Rg5 22. Rg1 a5 23. Qb2 axb4 24. axb4 Bd5 25. Ra1 Rc8 26. Rac1 Ra8 27. Ra1
Rc8 28. Rac1 Ra8 1/2-1/2

[Event "4NCL/Div1b/BET vs. BRI1"]
[Site "Hinckley Island ENG"]
[Date "2009.03.21"]
[Round "7.6"]
[White "Dilleigh, Stephen P"]
[Black "Ledger, David J"]
[Result "0-1"]
[WhiteElo "2151"]
[BlackElo "2265"]
[PlyCount "80"]
[EventDate "2009.03.21"]
[EventType "team"]
[EventRounds "11"]
[EventCountry "ENG"]
[SourceDate "2008.10.04"]

1. d4 Nf6 2. c4 e6 3. Nc3 Bb4 4. e3 b6 5. Nge2 Ba6 6. Ng3 O-O 7. e4 d6 8. Bd3
Nc6 9. O-O Bxc3 10. bxc3 e5 11. d5 Na5 12. f4 Nd7 13. Nf5 g6 14. Nh6+ Kg7 15.
f5 f6 16. fxg6 hxg6 17. Qg4 Qe8 18. Rf3 Rh8 19. Nf5+ Kf7 20. Rg3 Nf8 21. Bh6
Bc8 22. Bxf8 Bxf5 23. exf5 g5 24. Bg7 Rh4 25. Qf3 e4 26. Qf2 exd3 27. Re1 Re4
28. Rge3 Re5 29. Rxe5 dxe5 30. h4 Kxg7 31. hxg5 Qh5 32. gxf6+ Kxf6 33. Qg3 Nxc4
34. Qxd3 b5 35. a4 a6 36. Ra1 Rh8 37. Qg3 Nd6 38. Re1 Qh1+ 39. Kf2 Qh4 40.
Qxh4+ Rxh4 0-1

[Event "4NCL/Div1b/BET vs. BRI1"]
[Site "Hinckley Island ENG"]
[Date "2009.03.21"]
[Round "7.7"]
[White "Nelson, Jonathan"]
[Black "Collier, David O"]
[Result "0-1"]
[WhiteElo "2252"]
[BlackElo "2083"]
[PlyCount "104"]
[EventDate "2009.03.21"]
[EventType "team"]
[EventRounds "11"]
[EventCountry "ENG"]
[SourceDate "2008.10.04"]

1. e4 c6 2. d4 d5 3. e5 Bf5 4. Nf3 e6 5. Be2 c5 6. O-O Ne7 7. dxc5 Nec6 8. Be3
Nd7 9. Nd4 Nxd4 10. Bxd4 Bxc5 11. Bxc5 Nxc5 12. Bb5+ Ke7 13. Qd4 Qb6 14. Nc3 a6
15. b4 Nd7 16. Qh4+ Ke8 17. Bxd7+ Kxd7 18. Na4 Qc6 19. Nc5+ Ke8 20. c4 b6 21.
cxd5 Qxd5 22. Rad1 Qxe5 23. Nxa6 Rc8 24. Rc1 Rxc1 25. Rxc1 f6 26. Qh5+ Ke7 27.
Rc7+ Kd6 28. Qd1+ Qd5 29. Qc1 Qb5 30. Ra7 Qc6 31. Qb2 Qe4 32. Qd2+ Qd3 33.
Qxd3+ Bxd3 34. a4 Rc8 35. f3 g5 36. b5 Rc4 37. Nb8 Ke5 38. Rd7 Bc2 39. Nc6+ Kf4
40. g3+ Ke3 41. a5 bxa5 42. Rd6 Bf5 43. Rd1 Kxf3 44. Nd4+ Ke4 45. Nb3 Rb4 46.
Nxa5 Rxb5 47. Nc4 Kf3 48. Nd6 Rb1 49. Rxb1 Bxb1 50. Ne8 f5 51. Nf6 f4 52. g4
Ke2 0-1

[Event "4NCL/Div1b/PAP vs. GUI1"]
[Site "Hinckley Island ENG"]
[Date "2009.03.21"]
[Round "7.1"]
[White "Hunt, Harriet"]
[Black "Howell, David W L"]
[Result "0-1"]
[WhiteElo "2463"]
[BlackElo "2622"]
[PlyCount "98"]
[EventDate "2009.03.21"]
[EventType "team"]
[EventRounds "11"]
[EventCountry "ENG"]
[SourceDate "2008.10.04"]

1. e4 e5 2. Nf3 Nc6 3. Bb5 a6 4. Ba4 Nf6 5. O-O Be7 6. Re1 b5 7. Bb3 O-O 8. d3
d6 9. c3 Na5 10. Bc2 c5 11. Nbd2 Nd7 12. Nf1 Nc6 13. Ng3 Nb6 14. h3 Be6 15. Nf5
Bxf5 16. exf5 Re8 17. Re4 Bf6 18. Rg4 d5 19. Bh6 Kh8 20. Bd2 c4 21. d4 exd4 22.
cxd4 Ra7 23. h4 Rae7 24. Qc1 Re2 25. a3 Qe7 26. Be3 a5 27. Kf1 Rxe3 28. fxe3
Qxe3 29. Qxe3 Rxe3 30. Re1 Rxe1+ 31. Kxe1 b4 32. axb4 axb4 33. Kd2 b3 34. Bb1
Na4 35. Kc1 Kg8 36. Rf4 h5 37. g4 hxg4 38. Rxg4 Kf8 39. h5 Ke7 40. Rf4 Kd6 41.
Rg4 Kd7 42. Rf4 Ke7 43. Rg4 Kf8 44. Ng5 Bxd4 45. Nh7+ Ke7 46. Rxd4 Nxd4 47. f6+
gxf6 48. h6 Ne6 49. Bf5 Nac5 0-1